000 00597nam a2200229Ia 4500
003 OSt
005 20250902142709.0
008 241129s9999||||xx |||||||||||||| ||und||
020 _a9789391985189
037 _aTB
040 _aCRL
_beng
_cCRL
041 _aeng
_2eng
084 _aQ4 R2
_qCRL
100 _aLama G. K. Au.
_937756
245 0 _aBuddhism: a living spiritual force
_cLama G. K. Au.
260 _aDelhi, India
_bBuddist World Press
_c2022
300 _axvi,328p.
365 _aINR
_b4950
650 _aRELIGION
942 _cTB
_hQ4 R2
_2CC
_n0
999 _c1228371
_d1228371